|
|
|
|
| LEADER |
00000cam a2200000 7i4500 |
| 001 |
0000012061 |
| 005 |
20071126.0 |
| 020 |
|
|
|a 9676112569
|
| 090 |
0 |
0 |
|a 153.35 YEW
|
| 100 |
0 |
|
|a Yew
|b Kam Keong
|
| 245 |
1 |
0 |
|a Bebaskan kreativiti anda
|c Yew Kam Keong
|
| 260 |
|
|
|a Kuala Lumpur :
|b Utusan Publications & Distirbutors ,
|c 2002
|
| 650 |
|
0 |
|a Creative ability
|
| 650 |
|
0 |
|a Creative thinking
|
| 999 |
|
|
|a 0000910725
|b Book
|c Adult Collection
|e Cawangan Bandar Tenggara
|
| 999 |
|
|
|a 0001004738
|b Book
|c Adult Collection
|e Perbadanan Perpustakaan Awam Johor
|
| 999 |
|
|
|a 0001004739
|b Book
|c Adult Collection
|e Perbadanan Perpustakaan Awam Johor
|